000 01575nam a2200445 i 4500
001 6721
003 KOSZ 005
005 20221018144733.0
008 970510s1994 pl a f f |000 0 pol
015 _aPB 1995/2449
020 _a8386453001
035 _a(OCoLC)830050086
040 _aWA N
_cWA N
_dKOSZ 005/HR
046 _k1989
080 _a621.9
080 _a(075.8)
100 1 _aKwapisz, Leszek
_d(1955- )
_eAutor
245 1 0 _aZagadnienia wybrane z konstrukcji obrabiarek /
_cLeszek Kwapisz, Wiesław Froncki ; Politechnika Łódzka.
250 _aWyd. 2.
260 _aŁódź :
_bWydaw. PŁ,
_c1994.
300 _a196 s., [2] k. tabl. :
_brys., wykr. ;
_c23 cm.
336 _2rdacontent
_aTekst
_btxt
337 _2rdamedia
_aBez urządzenia pośredniczącego
_bn
338 _2rdacarrier
_aWolumin
_bnc
380 _aKsiążki
380 _aPublikacje dydaktyczne
385 _mPoziom nauczania
_aSzkoły wyższe
388 1 _a1901-2000
388 1 _a1989-2000
504 _aBibliogr. s. 193-196.
521 _aSkrypt dla specjalności Obrabiarki i urządzenia technologiczne oraz technologia maszyn z kierunku Mechanika.
650 4 _aObrabiarka
658 _aInżynieria i technika
655 4 _aPodręczniki akademickie
650 4 _a Konstrukcja maszyn i urządzeń
710 2 _aWydawnictwo Politechniki Łódzkiej
_4pbl.
700 1 _aFroncki, Wiesław
_eAutor
856 _uhttp://koha.tu.koszalin.pl/cgi-bin/koha/opac-detail.pl?biblionumber=6721
_yKatalog online BPK
942 _2UKD
_cKS
999 _c6721
_d6721